书目信息 |
| 题名: |
唐太宗李世民
|
|
| 作者: | 何君主 , 程桐 编 | |
| 分册: | ||
| 出版信息: | 北京 中国长安出版社 2007 |
|
| 页数: | 230页 | |
| 开本: | 24cm | |
| 丛书名: | ||
| 单 册: | ||
| 中图分类: | K827=421 | |
| 科图分类: | ||
| 主题词: | 李世民--评传 , 李世民 | |
| 电子资源: | ||
| ISBN: | 978-7-80175-555-1 | |
| 000 | 00838nam0 2200277 450 | |
| 000 | 00844nam0 2200277 450 | |
| 000 | 00773nam0 2200253 450 | |
| 000 | 00737nam0 2200241 45 | |
| 005 | 20070518172406.14 | |
| 010 | @a978-7-80175-555-1@dCNY26.00 | |
| 100 | @a20070311d2007 em y0chiy0120 ea | |
| 101 | 0 | @achi |
| 102 | @aCN@b110000 | |
| 105 | @ay z 000yy | |
| 200 | 1 | @a唐太宗李世民@Atang tai zong li shi min@f何君主编@g程桐著 |
| 210 | @a北京@c中国长安出版社@d2007 | |
| 215 | @a230页@d24cm | |
| 300 | @a实事求是说帝王 | |
| 330 | @a本书分为:秦王扫六合、阋墙之争、太宗皇帝、贞观之治、大唐帝国、太宗风骚等内容。 | |
| 606 | 0 | @a李世民@x评传 |
| 606 | 0 | @a李世民 |
| 690 | @aK827=421@v4 | |
| 701 | 0 | @a何君主@Ahe jun zhu@4编 |
| 701 | 0 | @a程桐@Acheng tong@4著 |
| 801 | 0 | @aCN@bTAOJIN@c20070518 |
| 905 | @a10447@dK827=421@e411 | |
| 唐太宗李世民/何君主编/程桐著.-北京:中国长安出版社,2007 |
| 230页;24cm |
| 实事求是说帝王 |
| ISBN 978-7-80175-555-1:CNY26.00 |
| 本书分为:秦王扫六合、阋墙之争、太宗皇帝、贞观之治、大唐帝国、太宗风骚等内容。 |
| ● |
| 相关链接 |
|
|
|
|
正题名:唐太宗李世民
索取号:K827=421/411
 
预约/预借
| 序号 | 登录号 | 条形码 | 馆藏地/架位号 | 状态 | 备注 |
| 1 | 0521857 | 205218575 | 第二样本阅览室/ [索取号:K827=421/411] | 在馆 | |
| 2 | 0521858 | 205218584 | 第二借阅区/ [索取号:K827=421/411] | 在馆 | |
| 3 | 0521859 | 205218593 | 第二借阅区/ [索取号:K827=421/411] | 在馆 | |
| 4 | 0521860 | 205218600 | 第二借阅区/ [索取号:K827=421/411] | 在馆 | |
| 5 | 0521861 | 205218619 | 第二借阅区/ [索取号:K827=421/411] | 在馆 | |
| 6 | 0521862 | 205218628 | 第二借阅区/ [索取号:K827=421/411] | 在馆 | |
| 7 | 0521863 | 205218637 | 第二借阅区/ [索取号:K827=421/411] | 在馆 | |
| 8 | 0521864 | 205218646 | 第二借阅区/ [索取号:K827=421/411] | 在馆 |